[Event "GER-chT U10"]
[Site "Magdeburg"]
[Date "2014.12.28"]
[Round "5.2"]
[White "Haufe, Laurin"]
[Black "Schneider, Konstantin"]
[Result "1-0"]
[WhiteElo "1413"]
[BlackElo "1216"]
[PlyCount "111"]
[EventDate "2014.12.27"]
[EventType "team-swiss"]
[EventRounds "7"]
[EventCountry "GER"]
[SourceTitle "EXT 2016"]
[Source "ChessBase"]
[SourceDate "2015.10.08"]
[SourceVersion "1"]
[SourceVersionDate "2015.10.08"]
[SourceQuality "1"]
[WhiteTeam "Leipzig Gruen Weiss"]
[BlackTeam "Erfurt Empor"]
[WhiteTeamCountry "GER"]
[BlackTeamCountry "GER"]

1. e4 e5 2. Nf3 Nc6 3. d4 exd4 4. Nxd4 Bc5 5. Be3 Qf6 6. c3 Nge7 7. Be2 b6 8. 0-0 Bb7 9. Nd2 Nxd4 10. cxd4 Bxd4 11. Bxd4 Qxd4 12. Qc2 Rc8 13. Rad1 d6 14. Bf3 Qc5 15. Qa4+ b5 16. Qb3 0-0 17. Rc1 Qg5 18. Rfd1 a6 19. a4 Ng6 20. Nc4 Nh4 21. Na5 Ba8 22. axb5 axb5 23. Kh1 Rfe8 24. Nc6 Re6 25. Na7 Rb8 26. Rxc7 Qd8 27. Rcc1 Qb6 28. Rc8+ Rxc8 29. Nxc8 Qc7 30. Qc3 Qxc3 31. bxc3 Bxe4 32. Bxe4 Rxe4 33. Nxd6 Re5 34. Nxb5 h6 35. c4 Rc5 36. Rc1 Ng6 37. g3 Ne5 38. Na3 Kf8 39. f4 Nd3 40. Rc3 Nb2 41. Kg2 Ke7 42. Rb3 Nxc4 43. Rc3 Ra5 44. Nxc4 Rc5 45. Kf3 Ke6 46. Ke3 Kd5 47. Nb6+ Kd6 48. Rxc5 Kxc5 49. Nd7+ Kd6 50. Ne5 f6 51. Ng6 Ke6 52. h4 Kf5 53. Ne7+ Kg4 54. Kf2 g5 55. hxg5 fxg5 56. f5 1-0

[Event "GER-chT U10"]
[Site "Magdeburg"]
[Date "2013.12.27"]
[Round "1.3"]
[White "Meyers, Jakob"]
[Black "Schneider, Konstantin"]
[Result "1-0"]
[WhiteElo "760"]
[BlackElo "1048"]
[PlyCount "112"]
[EventDate "2013.12.27"]
[EventType "team-swiss"]
[EventRounds "5"]
[EventCountry "GER"]
[SourceTitle "EXT 2015"]
[Source "ChessBase"]
[SourceDate "2014.11.20"]
[SourceVersion "1"]
[SourceVersionDate "2014.11.20"]
[SourceQuality "1"]
[WhiteTeam "Erfurt Empor II"]
[BlackTeam "Erfurt Empor"]
[WhiteTeamCountry "GER"]
[BlackTeamCountry "GER"]

1. e4 e5 2. Nf3 Nc6 3. Bc4 Bc5 4. Nc3 Nf6 5. d3 d6 6. Be3 Bb6 7. Qd2 Bg4 8. Bg5 h6 9. Bh4 g5 10. Bg3 Bxf3 11. gxf3 Nd4 12. 0-0-0 Nxf3 13. Qe2 Nd4 14. Qe3 Nb3+ 15. Bxb3 Bxe3+ 16. fxe3 Qd7 17. Ba4 c6 18. Rhf1 Ng4 19. Rde1 h5 20. h3 Nh6 21. h4 g4 22. Nd5 0-0-0 23. Rf2 f5 24. exf5 Qf7 25. Nc3 Rhf8 26. e4 Kb8 27. Ref1 Qg7 28. f6 Qg6 29. Bb3 Ka8 30. a3 Kb8 31. Kb1 d5 32. exd5 cxd5 33. Bxd5 Qe8 34. f7 Qe7 35. Bb3 b6 36. Ka2 Qb7 37. Bxe5+ Ka8 38. Bg7 g3 39. Bxf8 gxf2 40. Bxh6 Qf3 41. f8Q Rxf8 42. Bd5+ Qxd5+ 43. Nxd5 Rf5 44. Nc7+ Kb7 45. Ne6 Rf6 46. Nd8+ Kc7 47. Bg5 Rd6 48. Nf7 Rd7 49. Bf4+ Kc8 50. Nd6+ Kc7 51. Nb5+ Kc6 52. c4 Rxd3 53. Rxf2 Kc5 54. Nxa7 Kxc4 55. Nc6 Kb5 56. Ne5 Rd5 1-0

[Event "GER-chT U10"]
[Site "Magdeburg"]
[Date "2012.12.28"]
[Round "3.2"]
[White "Schneider, Konstantin"]
[Black "Hoffmann, Simon"]
[Result "0-1"]
[WhiteElo "797"]
[BlackElo "1076"]
[PlyCount "70"]
[EventDate "2012.12.27"]
[EventType "team-swiss"]
[EventRounds "7"]
[EventCountry "GER"]
[SourceTitle "EXT 2014"]
[Source "ChessBase"]
[SourceDate "2013.11.20"]
[SourceVersion "1"]
[SourceVersionDate "2013.11.20"]
[SourceQuality "1"]
[WhiteTeam "Erfurt Empor II"]
[BlackTeam "Magdeburg USC"]
[WhiteTeamCountry "GER"]
[BlackTeamCountry "GER"]

1. e4 e5 2. Nf3 Nc6 3. d4 exd4 4. Nxd4 Nxd4 5. Qxd4 Nf6 6. Bg5 Be7 7. Qe5 d6 8. Qf4 0-0 9. Nc3 Nh5 10. Bxe7 Qxe7 11. Qf3 Nf6 12. Nd5 Nxd5 13. Be2 Nb4 14. 0-0 Nxc2 15. Rad1 c5 16. Bd3 Nd4 17. Qh5 b5 18. e5 g6 19. exd6 Qxd6 20. Qh6 Qc6 21. Rfe1 Bb7 22. Bf1 Nc2 23. Re7 Rae8 24. Red7 Nd4 25. R7xd4 cxd4 26. Rxd4 Re1 27. f3 Qc5 28. Qd2 Rfe8 29. h3 R8e2 30. Qc3 Qxc3 31. bxc3 Rxa2 32. Rd8+ Kg7 33. Rd7 Bc8 34. Rc7 Be6 35. Kh2 Rxf1 0-1

[Event "GER-chT U10"]
[Site "Magdeburg"]
[Date "2012.12.27"]
[Round "2.2"]
[White "Kantor, Tim"]
[Black "Schneider, Konstantin"]
[Result "0-1"]
[WhiteElo "881"]
[BlackElo "797"]
[PlyCount "92"]
[EventDate "2012.12.27"]
[EventType "team-swiss"]
[EventRounds "7"]
[EventCountry "GER"]
[SourceTitle "EXT 2014"]
[Source "ChessBase"]
[SourceDate "2013.11.20"]
[SourceVersion "1"]
[SourceVersionDate "2013.11.20"]
[SourceQuality "1"]
[WhiteTeam "Berghofen Hoerde"]
[BlackTeam "Erfurt Empor II"]
[WhiteTeamCountry "GER"]
[BlackTeamCountry "GER"]

1. e4 e5 2. Nf3 Nc6 3. Nc3 Bc5 4. Nxe5 Nxe5 5. d4 Bxd4 6. Qxd4 Nc6 7. Qxg7 Qf6 8. Qxf6 Nxf6 9. Bc4 Nb4 10. Bb3 a6 11. a3 Nc6 12. Bh6 Rg8 13. g3 b6 14. 0-0-0 Bb7 15. Nd5 Nxd5 16. Bxd5 Rg6 17. Bf4 0-0-0 18. Bxf7 Rf6 19. Bd5 h5 20. Bg5 Rxf2 21. Bxd8 Kxd8 22. Be6 Ne5 23. Bh3 Bxe4 24. Rhf1 Rxc2+ 25. Kb1 Rxh2+ 26. Ka1 Rxh3 27. Rf8+ Ke7 28. Rh8 Nf7 29. Ra8 Bxa8 30. Re1+ Kd8 31. Rf1 Bd5 32. Rd1 Bb3 33. Re1 Ne5 34. Rf1 Rh2 35. Rf8+ Ke7 36. Rf1 Nd3 37. Rb1 c5 38. a4 c4 39. a5 c3 40. axb6 cxb2+ 41. Rxb2 Rxb2 42. b7 Bd1 43. b8Q Rxb8 44. Ka2 Nc1+ 45. Ka1 Bc2 46. g4 Rb1# 0-1

[Event "GER-chT U10"]
[Site "Magdeburg"]
[Date "2012.12.27"]
[Round "1.2"]
[White "Schneider, Konstantin"]
[Black "Weishaeutel, Moritz"]
[Result "0-1"]
[WhiteElo "797"]
[BlackElo "1086"]
[PlyCount "75"]
[EventDate "2012.12.27"]
[EventType "team-swiss"]
[EventRounds "7"]
[EventCountry "GER"]
[SourceTitle "EXT 2014"]
[Source "ChessBase"]
[SourceDate "2013.11.20"]
[SourceVersion "1"]
[SourceVersionDate "2013.11.20"]
[SourceQuality "1"]
[WhiteTeam "Erfurt Empor"]
[BlackTeam "Erfurt Empor"]
[WhiteTeamCountry "GER"]
[BlackTeamCountry "GER"]

1. e4 e5 2. Nf3 Nc6 3. d4 exd4 4. Nxd4 Bc5 5. Be3 Qf6 6. c3 Nge7 7. Bc4 0-0 8. Qd3 Ng6 9. 0-0 Nge5 10. Qe2 Ne7 11. Rd1 c6 12. Nb3 Bxe3 13. fxe3 Nxc4 14. Qxc4 d5 15. Qb4 Qe5 16. N1d2 Bg4 17. Re1 b5 18. exd5 Nxd5 19. Qxg4 f5 20. Qd4 Rfe8 21. Qxe5 Rxe5 22. Nf3 Rxe3 23. Rxe3 Nxe3 24. Kf2 Nc4 25. Rb1 Kf7 26. Nbd4 Rc8 27. b3 Nd6 28. Ne5+ Kf6 29. Nexc6 Ne4+ 30. Ke3 Nxc3 31. Ra1 a6 32. Nb4 a5 33. Nbc6 a4 34. Na7 Rc5 35. b4 Rc4 36. Naxb5 Nxb5 37. Nxb5 Rxb4 38. Nd4 0-1